1350 1752 1097 1008 1244 1049 1370 1935 1766 1710 1492 1071 1407 1973 1256 1740 1052 1843 1028 1490 1172 1556 1846 1981 1819 1176 1571 1788 1041 1645 1846 1904 1876 1046 1597 1178 1076 1311 1223 1534 1981 1353 1959 1530 1903 1297 1559 1645 1947 1339 1229 1311 1251 1228 1914 1517 1473 1446 1010 1432 1151 1661 1930 1145 1999 1418 1002 1533 1352 1728 1525 1160 1114 1430 1584 1038 1591 1445 1005 1396 1075 1231 1544 1331 1526 1163 1303 1048 1931 1542 1340 1248 1279 1451 1284 1288 1661 1437 1283 BCNSPRNW ULIB Ver.6.0+V

เปลี่ยนเป็นภาษาไทย

Change to English
 แสดงรายละเอียดบรรณานุกรม
  กลับหน้าหลัก

Brief Record : Get Marc (ISO 2709) : E-mail record : QR code < ปิดหน้าต่าง
LEADER : 00000nam 2200000uu 4500
001    13399122526
003     ULIB
008    130717s2555||||th 000 0 tha d
020    ^a9789749958544
050  4 ^aNA6022^bค315ส
110 2  ^aคณะอนุกรรมการจัดทำหนังสือสมุดภาพศิลปกรรมรามเกียรติ ฉบับเยาวชน.
245 10 ^aสมุดภาพศิลปกรรมรามเกียรติ์ ฉบับเยาวชน /^cคณะอนุกรรมการจัดทำหนังสือสมุดภาพศิลปกรรมรามเกียรติ ฉบับเยาว.^bคณะอนุกรรมการจัดทำหนังสือสมุดภาพศิลปกรรมรามเกียรติ ฉบับเยาวชน.
250    ^aพิมพ์ครั้งที่ 1.
260    ^aกรุงเทพฯ :^bสำนักพระราชวัง,^c2555.
300    ^a200 หน้า :^bภาพประกอบ,^c29 ซม.
610 2  ^aคณะอนุกรรมการจัดทำหนังสือสมุดภาพศิลปกรรมรามเกียรติ ฉบับเยาวชน. ^xภาพ
650    ^aศิลปกรรมไทย
650    ^aรามเกียรติ์..ภาพ
700 0  ^aสายไหม จบกลศึก
700 0  ^aสาคร โสภา
700 0  ^aเบญจมาส แพทอง
700 0  ^aนิมิตร รอดรับบุญ
700 0  ^aธีรนาถ ทองตะโก
700 0  ^aสุกัญญา คำถาเคือ
945    ^p0^l0^i19978
999    ^aทศพร เกษรทอง
รายการนี้ยังไม่มีแท็ก
คุณยังไม่ได้ล็อกอิน คุณสามารถมีกิจกรรมร่วมกับเว็บไซต์ได้ แต่ต้องล็อกอินก่อน ::
  ล็อกอิน

รายการสื่อสารสนเทศ

ลำดับที่ ประเภท เลขเรียก/บาร์โค้ด สถานที่ สถานะ
1. การศึกษาทั่วไป
การศึกษาทั่วไป
NA6022 ค315ส ฉ.1 
  Barcode: 19978
ห้องสมุดวิทยาเขตสวรรค์ประชารักษ์
►หนังสือทั่วไป
บนชั้น

รายการใกล้เคียง
    หัวเรื่อง [ศิลปกรรมไทย]

BibComment


ยังไม่เคยถูกคอมเมนท์

คอมเมนท์ทรัพยากรรายการนี้
  คอมเมนท์: สมุดภาพศิลปกรรมร..


 Copyright 2026. Bcnsprnw @Library